00297nam a2200121Ia 4500008004100000082001400041100001800055245003700073250000800110260002600118300001000144650002100154150201s2008 xx 000 0 und d a612bE08K aKHURANA, INDU aESSENTIALS OF MEDICAL PHYSIOLOGY a1ST bELSEVIERaDELHIc2008 a1-681 aHUMAN PHYSIOLOGY